00415nam a2200157Ia 450000500170000000800410001704000190005804100120007708200110008910000170010024500560011726000390017330000120021265000230022485000100024720231117102741.0131103s9999 xx 000 0 und d aLoreto College aEnglish aFbTHO aThomas,Dylan aPortrait of the artist as a young dogcDylan Thomas aLondonbJ.M.Dent & Sons Ltd.c1965 a128 p.  aFiction in English aLCLIB